Kraj, który sąsiaduje i nie sąsiaduje - Statystyki

Ogólne statystyki
  • Ten quiz został rozwiązany 28 razy
    14 od ostatniego zresetowania
  • Średni wynik to 9 z 12
Statystyki odpowiedzi
Kraj, który sąsiaduje z... i nie sąsiaduje z(e) Kraj % Poprawnych
Luksemburgiem Szwajcarią Belgia
100%
Czechami Słowacją Niemcy
100%
Grecją Serbią Albania, Turcja
92%
Włochami Niemcami Słowenia, Watykan, San Marino
92%
Paragwajem Urugwajem Boliwia
77%
Czarnogórą Macedonią Północną Bośnia i Hercegowina
77%
Kolumbią Brazylią Ekwador, Panama
77%
Kuwejtem Syrią Arabia Saudyjska
69%
Turkmenistanem Pakistanem Kazachstan, Uzbekistan
62%
Laosem Kambodżą Mjanma, Chiny
62%
Namibią Zimbabwe Angola
54%
Dżibuti Kenią Erytrea
54%
Nie znaleziono quizów pasujących do podanych kryteriów
Rozkład punktacji
Procent ludzi z każdym wynikiem
Percentyl według liczby udzielonych odpowiedzi
Twoja historia wyników
Nie rozwiązałeś tego quizu od ostatniego zresetowania